Prácticas de química física
| Main Authors: | , , |
|---|---|
| Format: | Section = Libro |
| Language: | Undetermined Spanish |
| Published: |
Moscú
Mir Moscú
1985
|
| Subjects: |
| LEADER | 00532nam a2200205Ia 4500 | ||
|---|---|---|---|
| 008 | 240830s9999 xx 000 0 und d | ||
| 040 | |a CEDOC FIQ-RUSB / 541.3 M396 | ||
| 041 | |a spa | ||
| 082 | |a 541.3 M396 | ||
| 100 | 1 | |a Mischenko, K. P. | |
| 100 | 1 | |b Ravdel, A. A. | |
| 100 | 1 | |c Ponomariova A. M. | |
| 245 | 1 | 0 | |a Prácticas de química física |
| 260 | |a Moscú |b Mir Moscú |c 1985 | ||
| 300 | |a 439 p. :il | ||
| 650 | 7 | |a QUMICA FISICA | |
| 650 | 7 | |b PRACTICAS DE QUIMICA FÍSICA | |
| 942 | |c BK |2 ddc | ||
| 991 | |a TEXTO | ||
| 999 | |c 14099 | ||